Australian geography by letter: Z - Statistics

General Stats
  • This quiz has been taken 16 times
  • The average score is 3 of 9
Answer Stats
Hint Answer % Correct
Coastal area near Rockhampton, and an anagram of Lizzie, the name of an early resident Zilzie
69%
Australia is the world's leading producer of this mineral Zircon
54%
Mining town in western Tasmania Zeehan
46%
Line maintained by steam train enthusiasts near Lithgow NSW Zig Zag Railway
46%
A Brisbane surburb, notable as a settlement district for post-war European migrants Zillmere
38%
Inner suburb of Sydney and site of the former Victoria Park racecourse Zetland
31%
Beach abutting Shoal Bay, north of Newcastle Zenith Beach
15%
A new (21st century) suburb of Palmerston, NT Zuccoli
15%
A Dutch ship that was wrecked with a cargo of silver near Shark Bay, WA Zuytdorp
15%
No matching quizzes found
Score Distribution
Percent of People with Each Score
Percentile by Number Answered
Your Score History
You have not taken this quiz